Cities of Cochise County, AZ - with a map - Statistics

General Stats
  • This quiz has been taken 9 times
  • The average score is 13 of 22
Answers on the Map
Answers color-coded by a green-red scale on the quiz's map according to % correct below.
 
Answer Stats
Answer % Correct
Sierra Vista
100%
Bisbee
86%
Douglas
86%
Tombstone
86%
Benson
71%
Huachuca City
71%
Naco
71%
Willcox
71%
Elfrida
57%
McNeal
57%
San Simon
57%
St. David
57%
Whetstone
57%
Bowie
43%
Dragoon
43%
Mescal
43%
Palominas
43%
Pirtleville
43%
Sunsites
43%
Miracle Valley
29%
Sierra Vista Southeast
29%
Sunizona
29%
No matching quizzes found
Score Distribution
Percent of People with Each Score
Percentile by Number Answered
Your Score History
You have not taken this quiz